| 000 | 00662nam a22002172 4500 | ||
|---|---|---|---|
| 001 | 0000004880 | ||
| 005 | 20151217151944.0 | ||
| 008 | 070530s xx 000 0 eng d | ||
| 020 | _cKES 192 | ||
| 040 |
_aKABU _cKABU |
||
| 050 | 0 |
_aRA644 _b.A25D66 2002 |
|
| 100 | 1 |
_aSlattery, Hugh. _@0000155795 |
|
| 245 | 1 | 0 |
_aHIV/AIDS : _ba call to action; responding as Christians / _cHugh Slattery. |
| 260 |
_aNairobi : _bPaulines, _c2002. |
||
| 300 | _a112 p. | ||
| 650 | 0 |
_aAIDS (Disease) _@0000148458 |
|
| 908 | _a070530 | ||
| 950 | _@1 | ||
| 999 |
_c6699 _d6699 |
||